000 00217 a2200097 4500
001 37844
100 _aCherimisinoff N
245 _aMixed flow hydrodynamics
260 _aUSA
_bGulf Pub Co
_c
090 _c24035
_d24035
942 _aNUST-CAE
_cM
_c15598
999 _c272917
_d272917